LEADER 03617nam0 22005173i 450 001 BVEE044214 005 20170908093223.0 012 $atoa- idis s.a- sila (3) 1609 (R)$2fei 100 $a20100112d1609 ||||0itac50 ba 101 | $alat 102 $afr 181 1$6z01$ai $bxxxe 182 1$6z01$an 200 1 $a˜Raymundi Lullij œOpera ea quae ad adinuentam ab ipso artem vniuersalem, scientiarum artiumque omnium breui compendio, firmaque memoria appraehendendarum, locupletissimaque vel oratione ex tempore pertractandarum, pertinent. Vt et in eandem quorundam interpretum scripti commentarij: quae omnia sequens indicabit pagina: ... Accessit huic editioni Valerij de Valerijs patricij Veneti Aureum in artem Lulli generalem opus: adiuncto indice cum capitum, ... 210 $aArgentorati$csumptibus Lazari Zetzneri bibliopolae$d1609$eArgentorati$gsumptibus Lazari Zetzneri bibliopolae$h1609 215 $a[16], 1109, [43] p., [4] c. di tab. ripieg.$cill.$d8º 300 $aCfr. VD17 on-line, n. 3:305875N 300 $aMarca non controllata (Erma : Scientia immutabilis) sul front. e in fine 300 $aSegn.: *⁸A-4C⁸ 300 $aBianca l'ultima c 300 $aCon i commenti di Giordano Bruno, Henrich Cornelis Agrippa von Nettesheim, Valerio da Venezia, come elencato a c. *8v. 316 $a1 v. Leg. in pergamena; taglio inchiostrato. Tracce evidenti di restauro. Note ms sul verso del front., sulla p. successiva e sul colophon$5IT-NA0120, NICOLINI SECONDO 0676 620 $aFR$dStrasburgo$3LO1L003796 700 1$aLull$b, Ramón$3CFIV066761$4070$0451774 702 1$aValeriis$b, Valerius : de$3BVEV093949 702 1$aBruno$b, Giordano$f <1548-1600>$3CFIV011211 702 1$aAgrippa von Nettesheim$b, Heinrich Cornelius$3CFIV045834 712 02$aZetzner, Lazarus$3BVEV020405$4650 790 1$aBruno$b, Džordano$3CFIV222861$zBruno, Giordano <1548-1600> 790 1$aAgrippa$b, Cornelius$3BVEV014499$zAgrippa von Nettesheim, Heinrich Cornelius 790 1$aAgrippa$b, Henri Corneille$3CFIV148677$zAgrippa von Nettesheim, Heinrich Cornelius 790 1$aAgrippa$b, Enrico Cornelio$3MILV314250$zAgrippa von Nettesheim, Heinrich Cornelius 790 1$aLlull$b, Ramon$3AQ1V005798$zLull, Ramón 790 1$aLulle$b, Raymond$3CFIV066762$zLull, Ramón 790 1$aLlull$b, Ramón$3CFIV144782$zLull, Ramón 790 1$aLullo$b, Raimondo$3CFIV167264$zLull, Ramón 790 1$aLullus$b, Raimundus$3CFIV167265$zLull, Ramón 791 02$aZetzner, Lazare$3BVEV132032$zZetzner, Lazarus 801 3$aIT$bIT-NA0079$c20100112 850 $aIT-NA0120 912 $aBVEE044214 921 $aSBNM000001$bMarca non controllata$cS2$dSul front. e in fine 950 0$aIstituto italiano per gli studi storici$b1 v.$c1 v.$d CRNICOLINI SECONDO 0676$e CR 0000605075 B 1 v. Leg. in pergamena; taglio inchiostrato. Tracce evidenti di restauro. Note ms sul verso del front., sulla p. successiva e sul colophon$fZ $h20100112$i20100112 977 $a CR 996 $aOpera ea quae ad adinuentam ab ipso artem vniuersalem, scientiarum artiumque omnium breui compendio, firmaque memoria appraehendendarum, locupletissimaque vel oratione ex tempore pertractandarum, pertinent. Vt et in eandem quorundam interpretum scripti commentarij: quae omnia sequens indicabit pagina: ... Accessit huic editioni Valerij de Valerijs patricij Veneti Aureum in artem Lulli generalem opus: adiuncto indice cum capitum, ..$91481671 997 $aUNISANNIO